Fifty Fifty /
Jedna zo sestier zavolala na tiesňovú linku, druhá urobila vzápätí to isté. Obe teraz čaká súd za vraždu otca, ale každá tvrdí, že je nevinná. Klame Alexandra alebo Sofia? Nevie to ani Eddie Flynn, ostrieľaný právnik, ktorý jednu z nich obhajuje. Keď začnú pribúdať mŕtvoly, uvedomí si, že vražda boh...
Uloženo v:
| Série: | Eddie Flynn,
část 5 |
|---|---|
| Hlavní autor: | |
| Médium: | E-kniha |
| Jazyk: | Czech |
| Vydáno: |
Praha :
Albatros Media Slovakia s.r.o.,
2025
|
| Příbuzné jednotky: | Z cyklu::
Eddie Flynn |
| Tagy: |
Žádné tagy |
| LEADER | 01492nam a22002417i 4500 | ||
|---|---|---|---|
| 001 | 302688 | ||
| 007 | ta | ||
| 008 | 260514s2025 xr ||||| |||| 00| 0 cze d | ||
| 020 | |a 9788056647738 | ||
| 044 | |a xr | ||
| 100 | 1 | |a Cavanagh, Steve |4 aut | |
| 245 | 1 | 0 | |a Fifty Fifty / |c Cavanagh, Steve |
| 240 | 1 | 0 | |a Fifty Fifty |
| 264 | 1 | |a Praha : |b Albatros Media Slovakia s.r.o., |c 2025 | |
| 300 | |a 1 online zdroj (344 stran) | ||
| 336 | |a text |b txt |2 rdacontent | ||
| 337 | |a bez média |b n |2 rdamedia | ||
| 338 | |a online zdroj |b cr |2 rdacarrier | ||
| 520 | 2 | |a Jedna zo sestier zavolala na tiesňovú linku, druhá urobila vzápätí to isté. Obe teraz čaká súd za vraždu otca, ale každá tvrdí, že je nevinná. Klame Alexandra alebo Sofia? Nevie to ani Eddie Flynn, ostrieľaný právnik, ktorý jednu z nich obhajuje. Keď začnú pribúdať mŕtvoly, uvedomí si, že vražda bohatého bývalého starostu New Yorku nebola ojedinelým incidentom. Pravda je oveľa zamotanejšia, než sa na začiatku zdalo. | |
| 787 | 0 | 8 | |g 5 |i Z cyklu: |t Eddie Flynn |
| 910 | |a RBIT002 | ||
| 998 | |d 426944 |a https://core.palmknihy.cz/api/books/426944/cover?tesghw |b https://core.palmknihy.cz/api/books/426944/cover/400?tesghw |c https://core.palmknihy.cz/api/books/426944/cover/50?tesghw |e 2030-04-24 |g 344 |i 9788056647738 |j https://core.palmknihy.cz/api/books/426944/preview.epub |k https://core.palmknihy.cz/api/books/426944/preview.pdf |l |q 49 |r 1 |s https://www.palmknihy.cz/kniha/426944 |t ebook |y 2025 |z 1 |v Eddie Flynn |w 5 | ||
| 999 | |d 302686 | ||